ADAPTATION OF HERPES SIMPLEX VIRUS TYPE 1 TO SUPRAOPTIMAL TEMPERATURE. I. BIOLOGICAL PROPERTIES OF CELLS AND VIRUS ADAPTED TO 40° С

Bibliographic Details
Main Authors: Leššo, Jozef, 1933- (Author), Szántó, J. (Author)
Format: Article
Language:English

MARC

LEADER 00000nab a2200000ua 4500
001 vtls010780865
003 SK-MaSNL
005 20260309142022.0
008 230222s1974 xo |||||||||||||||||eng|
035 |a (urnnbn)urn:nbn:sk:snk:ar-a02a2i 
035 |a (uuid)40fe8b07-8f47-4c05-a84e-d8d49ff885ef 
035 |a urn:nbn:sk:snk-ab4ism 
040 |a SNKBUCL  |b slo  |c SNKBUCL  |e AACR2 
041 0 |a eng 
044 |a xo  |c SK 
100 1 |a Leššo, Jozef,  |d 1933-  |4 aut  |9 7615 
245 1 0 |a ADAPTATION OF HERPES SIMPLEX VIRUS TYPE 1 TO SUPRAOPTIMAL TEMPERATURE. I. BIOLOGICAL PROPERTIES OF CELLS AND VIRUS ADAPTED TO 40° С  |c J. Leššo, J. Szántó 
700 1 |a Szántó, J.  |4 aut  |9 664757 
773 0 |t Acta virologica  |g Roč. 18, č. 4 (1974), s. 323-330 
958 |a OND 
958 |a EUIPO 
958 |a article3 
999 |c 3362746  |d 3364676